000
00222 a2200097 4500
001
31643
100
_a
Kumar K L
245
_a
Engineering Mechanics
260
_a
New Delhi
_b
Tata McGraw-Hill
_c
1998
090
_c
21456
_d
21456
942
_a
NUST-CAE
_c
M
_c
12732
999
_c
266716
_d
266716